|
|
|
|
| LEADER |
00000nab a2200000 a 4500 |
| 001 |
vtls000412281 |
| 003 |
SK-MaSNL |
| 005 |
20260318125013.0 |
| 008 |
230303c1990 xo 0 eng |
| 015 |
|
|
|a SNBRB19rr/mm-uuuuu
|
| 035 |
|
|
|a CL0412406
|
| 035 |
|
|
|a urn:nbn:sk:snk-ab7i1z
|
| 035 |
|
|
|a (urnnbn)urn:nbn:sk:snk:ar-005tkp
|
| 035 |
|
|
|a (uuid)ecce9f9f-f260-4b91-8797-a88dca4ebe66
|
| 040 |
|
|
|a SNKBUCL
|b slo
|c SNKBUCL
|e AACR2
|
| 041 |
0 |
|
|a eng
|
| 044 |
|
|
|a xo
|c SK
|
| 080 |
|
|
|a 541.49:546.73
|2 1981
|
| 080 |
|
|
|a 546.73
|2 1981
|
| 100 |
1 |
|
|a Vollárová, Oľga,
|d 1942-
|4 aut
|9 227475
|
| 245 |
1 |
0 |
|a Possibilities of using some correlation relations based on linear relationship of the gibbs energies for studying the oxidation of ligands of some cobalt (III) complexes
|c O. Vollárová, J. Benko
|
| 300 |
|
|
|b Tb. 1. Obr. 4. Res. rus., lit. 21 zázn. v angl., ruš.
|
| 650 |
0 |
7 |
|a komplexy kobaltité
|2 snkbucl
|9 986989
|
| 650 |
0 |
7 |
|a ligandy
|2 snkbucl
|9 408953
|
| 650 |
0 |
7 |
|a oxidácia
|2 snkbucl
|9 16618
|
| 655 |
|
7 |
|a články z novín a časopisov
|2 snkbucl
|9 267496
|
| 700 |
1 |
|
|a Benko, J.
|4 aut
|9 518870
|
| 773 |
0 |
|
|t Chemical papers. Chemické zvesti
|g Roč. 44, č. 4 (1990), s. 567-574
|
| 850 |
|
|
|a Slovenská národná knižnica v Martine
|a MTA001
|
| 852 |
|
|
|a SNK
|b KIS3GCP
|
| 958 |
|
|
|a OND
|
| 958 |
|
|
|a NB
|
| 958 |
|
|
|a RK
|
| 958 |
|
|
|a EUIPO
|
| 958 |
|
|
|a article7
|
| 992 |
|
|
|a RBX
|
| 999 |
|
|
|c 2611321
|d 2613251
|